000 01618nam a2200529 i 4500
001 52419
003 KOSZ 005
005 20220331084752.0
008 001027s2000 pl a |000 0 pol
015 _aUWD 2000/20055
020 _a8320812933
035 _a991015012199705066
035 _a(PL-WaBN)b14032673-48omnis_nlop
035 _ab14032673
035 _a(OCoLC)749256450
035 _azz2002901466
035 _a(PL)b0000001403267
035 _a(EXLNZ-48OMNIS_NETWORK)9910112644705606
040 _aWA N
_cWA N
_dKOSZ 005/HR
041 0 _apol
046 _k2000
080 _a005.574
080 _a339.1
080 _a316.47
080 _a(083.1)
100 1 _aBrdulak, Halina
_eAutor
245 1 0 _aNegocjacje handlowe /
_cHalina Brdulak, Jacek Brdulak.
260 _aWarszawa :
_bPolskie Wydawnictwo Ekonomiczne,
_c2000.
300 _a218, [2] s. :
_bil. ;
_c21 cm.
336 _aTekst
_btxt
_2rdacontent
337 _aBez urządzenia pośredniczącego
_bn
_2rdamedia
338 _aWolumin
_bnc
_2rdacarrier
380 _aKsiążki
388 _a1901-2000
388 _a1989-2000
504 _aBibliogr.
650 7 _aNegocjacje
_2DBN
650 7 _aHandel
655 7 _aPoradnik
_2DBN
658 _aGospodarka, ekonomia, finanse
658 _aZarządzanie i marketing
700 1 _aBrdulak, Jacek
_d(1953- )
_eAutor
710 2 _aPolskie Wydawnictwo Ekonomiczne
_4pbl
856 _uhttp://koha.tu.koszalin.pl/cgi-bin/koha/opac-detail.pl?biblionumber=52419
_yKatalog online BPK
942 _2UKD
_cKS
999 _c52419
_d52419